000 01585nam a2200313 c 4500
999 _c345906
_d345906
003 BLK
005 20191008125749.0
008 180911b bul|||||r ||||||| ||bul||
010 _a004403
040 _aBLK
041 _aFRE
_cBUL
080 _z321.7
100 1 _aNITTI, Francesco
_eпърви автор
_9397323
245 0 0 _aLa democratie
_nT. 2.
_pL'dntidemocratie et les pfroblemes des nouvelles societes democratiques
246 _i
260 _aParis
_bFelix Alcan
_c1933 -
300 _c23 см
380 _a0
490 _aЧастна колекция - Академик Михаил Арнаудов
_gДарение - Основен фонд
500 _aМихаил Арнаудов: негови-книга. - Михаил Арнаудов: подпис
655 _aПолитика
_9396212
760 _h506 с.
_oT. 2
_tL'dntidemocratie et les pfroblemes des nouvelles societes democratiques
852 _aМА 666
_bМА
942 _cKNG
_n0
_s1
944 _aCR
_c1995
_kValK
999 _d345906
999 _d344737
999 _d344737
999 _d344737